Financial Management (Record no. 3189)

MARC details
000 -LEADER
fixed length control field 00437nam a22001697a 4500
005 - DATE AND TIME OF LATEST TRANSACTION
control field 20180704123349.0
008 - FIXED-LENGTH DATA ELEMENTS--GENERAL INFORMATION
fixed length control field 160620b xxu||||| |||| 00| 0 eng d
020 ## - INTERNATIONAL STANDARD BOOK NUMBER
ISBN 978-81-315-049-8
041 ## - LANGUAGE CODE
Language code of text/sound track or separate title eng
082 ## - DEWEY DECIMAL CLASSIFICATION NUMBER
Item number 8332
Classification number 658.15
100 ## - MAIN ENTRY--AUTHOR NAME
Personal name Brigham , Eugene F. and Ehrharde, Michel C.
245 ## - TITLE STATEMENT
Title Financial Management
260 ## - PUBLICATION, DISTRIBUTION, ETC. (IMPRINT)
Name of publisher Cengage Learning
Place of publication NEW DELHI
300 ## - PHYSICAL DESCRIPTION
Number of Pages 792p,
650 ## - SUBJECT ADDED ENTRY--TOPICAL TERM
Topical Term Management
942 ## - ADDED ENTRY ELEMENTS (KOHA)
Koha item type Books
Holdings
Lost status Damaged status Collection code Home library Shelving location Date acquired Full call number Accession Number Koha item type
    MANAGEMENT JRU Library SHELF-60-H 20/06/2016 658.15 8332 Books
    MANAGEMENT JRU Library SHELF-60-H 20/06/2016 658.15 8333 Books
    MANAGEMENT JRU Library SHELF-60-H 20/06/2016 658.15 8334 Books